00717nam a2200193 i 450000100060000000300090000600500170001500700030003200800410003510000370007624500880011325000120020126000400021330000200025350500770027385200340035099900170038495201220040181800ES-MaACL20230906174520.0t|041108s1960 sp ||||1| spa d1 aIbáñez Gil, Julián.96492910aMétodo de orientación profesional preuniversitaria / cJulián Ibáñez Gil. a2ª ed. aMadrid : bRazón y Fé, c[1960] a2 v. ; c24 cm.8 aContiene: V.I: Fundamentos teóricos. -- V. II: Aplicación práctica aES-MaACLjC-19200-1 bR.45252 c81800d81800 00104070aATENEOMbATENEOMcMESd2008-01-17eSCl0oC-19200-1p1085499r2023-02-23 00:00:00w2023-02-23yMONOGRAFIA